Finland by Monty Python - lyrics - Statistics

General Stats
  • This quiz has been taken 51 times
  • The average score is 12 of 19
Answer Stats
Answer % Correct
The {country} where I want to be
92%
Finland, Finland, {Finland}
87%
Finland has it {all}
87%
Finland has it {all}
87%
It's the country for {me}
85%
Or just watch {TV}
77%
You're so near to {Russia}
72%
Eating breakfast or {dinner}
64%
Your treetops so {tall}
64%
Lots of {miles} from Vietnam
59%
When {going} abroad
54%
Or snack {lunch} in the hall
49%
So far away from {Japan}
46%
And often {ignored}
44%
Pony {trekking} or camping
44%
Your {mountains} so lofty
44%
A poor {second} to Belgium
41%
You're so {sadly} neglected
36%
Quite a long way from {Cairo}
28%
No matching quizzes found
Score Distribution
Percent of People with Each Score
Percentile by Number Answered
Your Score History
You have not taken this quiz